Pays du Maghreb en une minute - Statistiques

Statistiques générales
  • Ce quiz a été pris 419 fois
  • Le résultat moyen est 5 sur 5
Statistiques - réponses
Pays % Correct
Algérie
100%
Maroc
100%
Tunisie
100%
Libye
92%
Mauritanie
83%
Aucun quiz correspondant
Distribution des résultats
% des personnes avec chaque résultat
Percentile par nombre de réponses
Votre historique - résultats
Vous n’avez pas pris ce quiz